| 000 | 01222naa a22003377a 4500 | ||
|---|---|---|---|
| 001 | BR9400713 | ||
| 003 | BR-BrBNA | ||
| 005 | 20240918180941.0 | ||
| 007 | ta | ||
| 008 | 230509b bl.||||| |||| 00| 0 por d | ||
| 040 |
_aBR-BrBNA _bpor _cBiblioteca Nacional de Agricultura |
||
| 041 | _a(Pt) | ||
| 072 |
_aH10; H20 _b1000 _b4030 |
||
| 090 | _aH10 BR9400713 | ||
| 100 | 1 | _aCaetano, A.A. | |
| 100 | 1 | _aPrates, H.S. | |
| 100 | 1 | _aTeofolo Sobrinho, J. | |
| 111 | 1 |
_a5. Congresso Brasileiro de Fruticultura _cPelotas, RS (Brazil) _d7-14 Jan 1979 |
|
| 245 | 1 | _aComparacao de defensivos aplicados sobre plantas citricas e no solo para controlar o acaro Brevipalpus phoencis (Geijeks) | |
| 260 | 3 |
_aPelotas, RS (Brasil): _c1979. |
|
| 500 | _aAnais do 5. Congresso Brasileiro de Fruticultura, v. 2 Pelotas, RS (Brasil): 1979. p. 630-641 (BR9400713-AM)H10 | ||
| 650 | _aFruta Citrica | ||
| 650 | _aPraga de Planta | ||
| 650 | _aAcaro | ||
| 650 | _aSao Paulo | ||
| 650 | _aLeprose Citrica | ||
| 650 | _aControle Quimico | ||
| 773 | 0 |
_tAnais do 5. Congresso Brasileiro de Fruticultura, v. 2 _wH10 BR9400713 _gPelotas, RS (Brasil), 1979. p. 630-641 |
|
| 909 |
_a202404 _bLucia _c55 _dLucia Elande |
||
| 942 |
_cAM _2AGRIS |
||
| 999 |
_c322837 _d322837 |
||